Novel vaccination strategies (Record no. 5656)
[ view plain ]
| 000 -LEADER | |
|---|---|
| fixed length control field | 00485 a2200181 4500 |
| 001 - CONTROL NUMBER | |
| control field | 131120 |
| 003 - CONTROL NUMBER IDENTIFIER | |
| control field | OSt |
| 005 - DATE AND TIME OF LATEST TRANSACTION | |
| control field | 20210907174416.0 |
| 008 - FIXED-LENGTH DATA ELEMENTS--GENERAL INFORMATION | |
| fixed length control field | |
| 020 ## - INTERNATIONAL STANDARD BOOK NUMBER | |
| International Standard Book Number | 3527305238 |
| 082 ## - DEWEY DECIMAL CLASSIFICATION NUMBER | |
| Classification number | 615.372 |
| Item number | N85N |
| 245 1# - TITLE STATEMENT | |
| Title | Novel vaccination strategies |
| Statement of responsibility, etc | edited by Stefan H. E. Kaufmann |
| 260 ## - PUBLICATION, DISTRIBUTION, ETC. (IMPRINT) | |
| Place of publication, distribution, etc | Weinheim |
| Name of publisher, distributor, etc | Wiley-VCH |
| Date of publication, distribution, etc | 2004 |
| 300 ## - PHYSICAL DESCRIPTION | |
| Extent | 628p. |
| 690 ## - LOCAL SUBJECT ADDED ENTRY--TOPICAL TERM (OCLC, RLIN) | |
| Topical term or geographic name as entry element | Vaccines; Vaccines--Synthesis |
| 700 ## - ADDED ENTRY--PERSONAL NAME | |
| Personal name | Kaufmann, Stefan H.E. |
| Relator term | Editor |
| 942 ## - ADDED ENTRY ELEMENTS (KOHA) | |
| Source of classification or shelving scheme | Dewey Decimal Classification |
| Koha item type | Books |
| Withdrawn status | Lost status | Source of classification or shelving scheme | Damaged status | Not for loan | Collection code | Home library | Current library | Date acquired | Source of acquisition | Cost, normal purchase price | Full call number | Barcode | Date last seen | Price effective from | Koha item type |
|---|---|---|---|---|---|---|---|---|---|---|---|---|---|---|---|
| Dewey Decimal Classification | General Text Book | Central University Of Rajasthan | Central University Of Rajasthan | 08/06/2012 | BTH | 45.00 | 615.372 N85N | 7198 | 21/11/2024 | 02/09/2020 | Reference |
